| 000 | 00401nam a22001697a 4500 | ||
|---|---|---|---|
| 020 | _a9789364877862 | ||
| 082 |
_aM301 _bJIS/R |
||
| 100 | _aJisa Jose | ||
| 245 |
_aRathriyo athideergham/ _cby Jisa Jose |
||
| 250 | _a2nd ed. | ||
| 260 |
_aKottayam: _bDC Books, _c2025. |
||
| 300 | _a176p. | ||
| 650 | _aStories Malayalam | ||
| 650 | _aLiterature Malayalam | ||
| 650 | _aLiterature | ||
| 942 | _cBK | ||
| 999 |
_c181812 _d181812 |
||